Zvesti povereníctva SNR pre školstvo a povereníctva SNR pre kultúru a informácie

Gespeichert in:
Bibliographische Detailangaben
Format: Schriftenreihe
Sprache:Slowakisch
Veröffentlicht: Bratislava SPN
Tags: Tag hinzufügen
Keine Tags, Fügen Sie das erste Tag hinzu!

MARC

LEADER 00000nas1a2200000$$$4500
001 0018061
005 20250730114821.7
041 0 |a slo 
044 |a SK 
245 1 0 |a Zvesti povereníctva SNR pre školstvo a povereníctva SNR pre kultúru a informácie 
264 1 |a Bratislava  |b SPN